[Event "World Rapid 2025"]
[Site "Doha QAT"]
[Date "2025.12.26"]
[Round "3.55"]
[White "Madaminov, Mukhiddin"]
[Black "Salem, A.R. Saleh"]
[Result "1-0"]
[WhiteTitle "GM"]
[BlackTitle "GM"]
[WhiteElo "2552"]
[BlackElo "2635"]
[WhiteFideId "14210703"]
[BlackFideId "9301348"]
[EventDate "2025.12.26"]
[EventType "rapid"]

1. e4 c5 2. Nf3 d6 3. d4 cxd4 4. Nxd4 Nf6 5. Nc3 a6 6. Bd3 e5 7. Nde2 Be7 8. O-O
O-O 9. Ng3 Be6 10. Nd5 Bxd5 11. exd5 g6 12. c4 Nbd7 13. Be3 h5 14. h3 h4 15. Ne2
Nh5 16. Qd2 f5 17. f4 exf4 18. Nxf4 Nxf4 19. Bxf4 Bf6 20. Kh1 Ne5 21. Be2 a5 22.
Rac1 b6 23. b3 Re8 24. a3 Nf7 25. Bd3 Bg5 26. Rce1 Rxe1 27. Rxe1 Bxf4 28. Qxf4
Ne5 29. Bf1 Ra7 30. b4 axb4 31. axb4 Ra4 32. Qd2 Qf6 33. Qc3 Nd7 34. Qc1 f4 35.
Qc2 Ra1 36. Rxa1 Qxa1 37. Qxg6+ Kf8 38. Qxd6+ Ke8 39. Qxf4 Qe1 40. Kg1 Qxb4 41.
Qxh4 Qd2 42. Qf2 Qc1 43. Qd4 Qe1 44. Qf2 Qc3 45. Kh2 Qe5+ 46. Qg3 Qd4 47. Be2
Ne5 48. Qg8+ Ke7 49. Qe6+ Kd8 50. Qf6+ Kd7 51. Kh1 Qa1+ 52. Bf1 Qe1 53. Kg1 Qe3+
54. Qf2 Qg5 55. Qxb6 Nf3+ 56. Kh1 Nd2 57. Qe6+ Kd8 58. Bd3 Qg3 59. d6 1-0

[Event "World Rapid 2025"]
[Site "Doha QAT"]
[Date "2025.12.26"]
[Round "3.56"]
[White "Uskov, Artem"]
[Black "Sadhwani, Raunak"]
[Result "1-0"]
[WhiteTitle "GM"]
[BlackTitle "GM"]
[WhiteElo "2516"]
[BlackElo "2638"]
[WhiteFideId "34254854"]
[BlackFideId "35093487"]
[EventDate "2025.12.26"]
[EventType "rapid"]

1. e4 c5 2. Nf3 Nc6 3. d4 cxd4 4. Nxd4 Nf6 5. Nc3 d6 6. Bc4 e6 7. Be3 Be7 8. Qe2
a6 9. O-O-O Qc7 10. f3 h5 11. a3 Bd7 12. Ba2 b5 13. Nxc6 Bxc6 14. Bd4 Qb7 15.
Rhe1 O-O 16. g4 hxg4 17. fxg4 Nd7 18. g5 Bxg5+ 19. Kb1 Ne5 20. Rg1 Qe7 21. h4
Bh6 22. Qh5 Kh7 23. Be3 f6 24. Bxe6 Be8 25. Bf5+ Kh8 26. Qe2 Bxe3 27. Qxe3 a5
28. Nd5 Qa7 29. Qg3 b4 30. Nf4 g6 31. Bxg6 Rg8 32. h5 bxa3 33. Qxa3 Rb8 34. Nd5
Nc4 35. Qc3 Nxb2 36. Qxf6+ Qg7 37. Rdf1 Bb5 38. Bf7 1-0

[Event "World Rapid 2025"]
[Site "Doha QAT"]
[Date "2025.12.26"]
[Round "3.57"]
[White "Moussard, Jules"]
[Black "Salinas Herrera, Pablo"]
[Result "1-0"]
[WhiteTitle "GM"]
[BlackTitle "GM"]
[WhiteElo "2600"]
[BlackElo "2473"]
[WhiteFideId "642908"]
[BlackFideId "3407128"]
[EventDate "2025.12.26"]
[EventType "rapid"]

1. c4 e6 2. Nc3 d5 3. d4 Nf6 4. cxd5 exd5 5. Bg5 c6 6. e3 h6 7. Bh4 Be7 8. Bd3
O-O 9. Nge2 Re8 10. O-O Nbd7 11. a4 Nf8 12. Qc2 Ne6 13. a5 a6 14. Bg3 Ng5 15. h3
Bb4 16. Qa4 Bd6 17. Bxd6 Qxd6 18. Nf4 h5 19. Qa3 Qd8 20. Rae1 h4 21. b4 Qd6 22.
Na4 Nge4 23. Nb6 Rb8 24. Nxc8 Rbxc8 25. Qb2 Re7 26. Be2 Rce8 27. Nd3 Nh7 28. Nc5
Qh6 29. Bd3 Nd6 30. Qe2 Ng5 31. Qg4 Nge4 32. Bxe4 Nxe4 33. Rc1 Nd6 34. Rc2 Nc4
35. Rfc1 Qf6 36. Rxc4 dxc4 37. Rxc4 g6 38. Nd3 Re4 39. Qd1 Rd8 40. Nc5 Re7 41.
Nd3 Kg7 42. Qf3 Qxf3 43. gxf3 Rd5 44. f4 f6 45. Kg2 g5 46. Kf3 Kg6 47. Rc1 Kh5
48. Rg1 Rb5 49. e4 b6 50. axb6 a5 51. e5 axb4 52. exf6 Re6 53. Rxg5+ Rxg5 54.
fxg5 Kxg5 55. Nxb4 Rxf6+ 56. Ke4 Re6+ 57. Kd3 Re7 58. Kc4 Kf4 59. Kc5 Kf3 60.
Kxc6 Kg2 61. b7 Re8 62. d5 Kxh3 63. d6 Kg4 64. d7 Rf8 65. Kc7 h3 66. d8=Q Rxd8
67. Kxd8 h2 68. b8=Q h1=Q 69. Qg3+ Kf5 70. Qd3+ Ke5 71. Qe3+ Kf5 72. Kc7 Qh2+
73. Kc6 Qh1+ 74. Nd5 Qg2 75. Qf4+ Ke6 76. Qf6# 1-0

[Event "World Rapid 2025"]
[Site "Doha QAT"]
[Date "2025.12.26"]
[Round "3.58"]
[White "Gholami Orimi, Mahdi"]
[Black "Matlakov, Maxim"]
[Result "0-1"]
[WhiteTitle "GM"]
[BlackTitle "GM"]
[WhiteElo "2515"]
[BlackElo "2606"]
[WhiteFideId "12558486"]
[BlackFideId "4168003"]
[EventDate "2025.12.26"]
[EventType "rapid"]

1. d4 d5 2. c4 c6 3. Nf3 Nf6 4. e3 a6 5. Nbd2 Bf5 6. Qb3 Qc7 7. Be2 h6 8. O-O e6
9. Bd3 Bxd3 10. Qxd3 Be7 11. e4 dxe4 12. Nxe4 O-O 13. b3 Nbd7 14. Bb2 Nxe4 15.
Qxe4 Rfd8 16. Rad1 Bf6 17. Rd2 a5 18. Rfd1 a4 19. h4 axb3 20. axb3 Ra2 21. g4 g6
22. g5 hxg5 23. hxg5 Bg7 24. Kg2 c5 25. Qe3 Nf8 26. Bc3 Rxd2 27. Rxd2 cxd4 28.
Bxd4 Bxd4 29. Rxd4 Rxd4 30. Qxd4 Qc6 31. b4 Nd7 32. c5 b6 33. cxb6 Nxb6 34. Qc5
Qb7 35. b5 Nd5 36. Kf1 Qa8 37. Nd4 Nf4 38. Ne2 Qg2+ 0-1

[Event "World Rapid 2025"]
[Site "Doha QAT"]
[Date "2025.12.26"]
[Round "3.59"]
[White "Bilguun, Sumiya"]
[Black "Pranav, V"]
[Result "0-1"]
[WhiteTitle "GM"]
[BlackTitle "GM"]
[WhiteElo "2442"]
[BlackElo "2641"]
[WhiteFideId "4901541"]
[BlackFideId "25060783"]
[EventDate "2025.12.26"]
[EventType "rapid"]

1. e4 e5 2. Nf3 Nc6 3. d4 exd4 4. Nxd4 Qf6 5. Nb3 Bb4+ 6. c3 Be7 7. Be3 Qg6 8.
N1d2 d6 9. Qc2 Nf6 10. f3 d5 11. O-O-O O-O 12. h4 dxe4 13. h5 Nxh5 14. Nxe4 f5
15. Bc4+ Kh8 16. Nec5 Ne5 17. Bd5 c6 18. Bd4 Bd6 19. Rhe1 Re8 20. Bxe5 Bxe5 21.
Nd3 Bg3 22. Rxe8+ Qxe8 23. Qd2 cxd5 24. f4 b6 25. Nd4 Ba6 26. Nxf5 Bxd3 27. Qxd3
Bxf4+ 28. Kc2 Qa4+ 29. Kb1 Qe4 30. Qxe4 dxe4 31. Rd7 g6 32. Nd4 e3 33. Re7 Ng3
34. Kc2 Rd8 35. Re6 Nf5 36. Rc6 0-1

[Event "World Rapid 2025"]
[Site "Doha QAT"]
[Date "2025.12.26"]
[Round "3.60"]
[White "Amin, Bassem"]
[Black "Agmanov, Zhandos"]
[Result "1-0"]
[WhiteTitle "GM"]
[BlackTitle "IM"]
[WhiteElo "2626"]
[BlackElo "2471"]
[WhiteFideId "10601457"]
[BlackFideId "13708309"]
[EventDate "2025.12.26"]
[EventType "rapid"]

1. Nf3 d5 2. g3 c5 3. Bg2 Nc6 4. O-O e5 5. d3 Nf6 6. e4 Be7 7. exd5 Nxd5 8. Re1
f6 9. c3 O-O 10. d4 exd4 11. cxd4 Kh8 12. Nc3 Bg4 13. Nxd5 Qxd5 14. h3 Bxf3 15.
Bxf3 Qd7 16. dxc5 Qxd1 17. Rxd1 Bxc5 18. Kg2 Rad8 19. Bf4 Ne5 20. Bxb7 Rb8 21.
Rac1 Bxf2 22. Kxf2 Rxb7 23. b3 g5 24. Be3 Kg7 25. Rc5 Rff7 26. Rd6 h6 27. g4
Rfe7 28. Rc8 Nf7 29. Ra6 Ne5 30. Ra8 Nd3+ 31. Ke2 Nf4+ 32. Kf3 Nd5 33. Bc5 Nc7
34. Bxe7 Nxa6 35. Bd6 Kf7 36. Ke4 Ke6 37. Bf8 Nb8 38. Bc5 Nc6 39. Rc8 Ne5 40.
Ra8 Nc6 41. Re8+ Kf7 42. Rh8 Ke6 43. Re8+ Kf7 44. Rc8 Ne5 45. Ra8 Nc6 46. Kd5
Ne7+ 47. Kc4 Nc6 48. b4 Ke6 49. a4 Ne5+ 50. Kc3 Rd7 51. Rxa7 Rd3+ 52. Kc2 Rxh3
53. a5 Kd5 54. Ra8 Kc4 55. a6 Rh2+ 56. Kd1 Ra2 57. a7 Nc6 58. Kc1 Ra1+ 59. Kd2
Ra3 60. Ke2 Kd5 61. Kf2 Ra2+ 62. Ke3 Ra3+ 63. Ke2 Ra2+ 64. Kd3 Ra3+ 65. Kc2 Kc4
66. Rc8 Nxa7 67. Bxa7+ Kb5 68. Bc5 Rg3 69. Rf8 Rxg4 70. Rxf6 h5 71. Kc3 h4 72.
Rb6+ Ka4 73. Bd4 h3 74. Kc4 Rxd4+ 75. Kxd4 g4 76. Kc4 Ka3 77. Rh6 1-0

[Event "World Rapid 2025"]
[Site "Doha QAT"]
[Date "2025.12.26"]
[Round "3.61"]
[White "Dardha, Daniel"]
[Black "Gokerkan, Cem Kaan"]
[Result "1-0"]
[WhiteTitle "GM"]
[BlackTitle "GM"]
[WhiteElo "2603"]
[BlackElo "2510"]
[WhiteFideId "240990"]
[BlackFideId "6336760"]
[EventDate "2025.12.26"]
[EventType "rapid"]

1. Nf3 d5 2. b3 Nf6 3. Bb2 g6 4. c4 dxc4 5. bxc4 Bg7 6. g3 O-O 7. Bg2 c5 8. O-O
Nc6 9. d3 Qd6 10. Nc3 e5 11. Nd2 Bd7 12. Nde4 Nxe4 13. Nxe4 Qe7 14. Nc3 b6 15.
Nd5 Qd6 16. Qd2 Rad8 17. Bc3 Ne7 18. a4 Nxd5 19. Bxd5 Be6 20. e4 f5 21. Qb2 Rb8
22. f4 fxe4 23. fxe5 Qd7 24. Qb5 Qe7 25. Qc6 Rfe8 26. dxe4 Rbc8 27. Qb5 Bxd5 28.
exd5 Bxe5 29. Rae1 Qd6 30. Kg2 Re7 31. Bd2 Bd4 32. Bf4 Qf6 33. d6 Rxe1 34. Rxe1
Rf8 35. Qc6 h6 36. Qd5+ Kh8 37. d7 Qd8 38. Qc6 Bf6 1-0

[Event "World Rapid 2025"]
[Site "Doha QAT"]
[Date "2025.12.26"]
[Round "3.62"]
[White "Xiao, Tong(QD)"]
[Black "Aravindh, Chithambaram VR."]
[Result "0-1"]
[WhiteTitle "GM"]
[BlackTitle "GM"]
[WhiteElo "2555"]
[BlackElo "2703"]
[WhiteFideId "8622388"]
[BlackFideId "5072786"]
[EventDate "2025.12.26"]
[EventType "rapid"]

1. e4 c5 2. Nf3 Nc6 3. d4 cxd4 4. Nxd4 Nf6 5. Nc3 e5 6. Ndb5 d6 7. Bg5 a6 8. Na3
b5 9. Nd5 Be7 10. Bxf6 Bxf6 11. c3 Rb8 12. Nc2 Bg5 13. a4 bxa4 14. Ncb4 Nxb4 15.
Nxb4 Bd7 16. Bxa6 Qa5 17. Qxd6 Rb6 18. Qd3 Be7 19. Nd5 Rxb2 20. O-O Bh4 21. Nb4
Qb6 22. Rad1 Bg4 23. Bb5+ Kf8 24. Qd6+ Qxd6 25. Rxd6 g6 26. Bxa4 Be2 27. Re1 Kg7
28. Bc2 Bc4 29. Rb1 Rxb1+ 30. Bxb1 Ra8 31. g3 Ra1 32. Rd1 Be7 33. Bc2 Ra3 34.
Nd5 Bc5 35. Bd3 Bxd5 36. exd5 Ra2 37. Rf1 Rd2 38. Bb1 f5 39. g4 Kf6 40. gxf5
gxf5 41. c4 e4 42. Kg2 Ke5 43. Kg3 f4+ 44. Kg2 h5 45. h4 Re2 46. Kh3 Bxf2 47. d6
Bg3 48. Rh1 Kxd6 49. c5+ Ke5 0-1

[Event "World Rapid 2025"]
[Site "Doha QAT"]
[Date "2025.12.26"]
[Round "3.63"]
[White "Iniyan, Pa"]
[Black "Indjic, Aleksandar"]
[Result "1-0"]
[WhiteTitle "GM"]
[BlackTitle "GM"]
[WhiteElo "2598"]
[BlackElo "2635"]
[WhiteFideId "25002767"]
[BlackFideId "911925"]
[EventDate "2025.12.26"]
[EventType "rapid"]

1. d4 Nf6 2. c4 c5 3. d5 g6 4. Nc3 Bg7 5. e4 d6 6. Nge2 e6 7. Ng3 h5 8. Be2 Qe7
9. Bg5 e5 10. Qd2 Nbd7 11. h4 a6 12. a3 Qf8 13. b4 b6 14. Rb1 Nh7 15. Be3 Qe7
16. Na4 O-O 17. Bxh5 f5 18. Bxg6 f4 19. Nf5 Qd8 20. Nxd6 fxe3 21. Qxe3 Ndf6 22.
Nxc8 Rxc8 23. Bf5 cxb4 24. Nxb6 Rb8 25. Rxb4 Nh5 26. g3 Nf4 27. gxf4 exf4 28.
Qb3 Qf6 29. Ke2 Rbe8 30. Bxh7+ Kxh7 31. Qf3 a5 32. Rbb1 Qg6 33. Kd3 Qf6 34. Kc2
Rb8 35. Qh5+ Kg8 36. e5 Qd8 37. Rhg1 Rf7 38. e6 Rc7 39. Nd7 Rxc4+ 40. Kd2 Rd4+
41. Ke2 1-0

[Event "World Rapid 2025"]
[Site "Doha QAT"]
[Date "2025.12.26"]
[Round "3.64"]
[White "Samunenkov, Ihor"]
[Black "Ganguly, Surya Shekhar"]
[Result "1-0"]
[WhiteTitle "GM"]
[BlackTitle "GM"]
[WhiteElo "2584"]
[BlackElo "2568"]
[WhiteFideId "14187086"]
[BlackFideId "5002150"]
[EventDate "2025.12.26"]
[EventType "rapid"]

1. d4 d5 2. c4 dxc4 3. Nf3 Nf6 4. e3 e6 5. Bxc4 c5 6. O-O Be7 7. dxc5 Qxd1 8.
Rxd1 Bxc5 9. Nc3 O-O 10. b3 b6 11. Bb2 Bb7 12. Nb5 Nbd7 13. Nc7 Rad8 14. Ng5 Be7
15. Ngxe6 fxe6 16. Nxe6 Kh8 17. Nxd8 Bxd8 18. Rac1 Be7 19. Bb5 Nc5 20. b4 Ne6
21. a3 Rc8 22. Rc2 Rc7 23. Rxc7 Bc8 1-0

[Event "World Rapid 2025"]
[Site "Doha QAT"]
[Date "2025.12.26"]
[Round "3.65"]
[White "Akobian, Varuzhan"]
[Black "Haug, Havard"]
[Result "1-0"]
[WhiteTitle "GM"]
[BlackTitle "FM"]
[WhiteElo "2549"]
[BlackElo "2416"]
[WhiteFideId "13300580"]
[BlackFideId "1547887"]
[EventDate "2025.12.26"]
[EventType "rapid"]

1. d4 Nf6 2. c4 e6 3. Nf3 a6 4. Bg5 d5 5. cxd5 exd5 6. Nc3 Be7 7. e3 h6 8. Bh4
O-O 9. Bd3 Bg4 10. h3 Bxf3 11. gxf3 Nbd7 12. Rc1 c6 13. f4 Ne4 14. Bxe7 Qxe7 15.
Bxe4 dxe4 16. Rg1 Nf6 17. Qb3 b5 18. Ne2 Rac8 19. Ng3 Kh8 20. Rc5 Nd5 21. a3 Qh4
22. Qc2 Qxh3 23. Qxe4 Rfe8 24. Qf3 Nf6 25. Rf5 Ne4 26. Rh1 Nxg3 27. Rxh3 Nxf5
28. Kf1 Nd6 29. f5 Ne4 30. Qf4 c5 31. f6 Nxf6 32. Rxh6+ gxh6 33. Qxf6+ Kg8 34.
d5 c4 35. Qxh6 Re5 36. Qxa6 Rd8 37. Qxb5 c3 38. Qa5 Rexd5 39. Qxc3 Rd2 40. a4
Rd1+ 41. Ke2 Ra1 42. Qc5 Rb8 43. Qg5+ Kf8 44. Qe5 Rb3 45. Qc5+ Kg8 46. Qc2 Rb8
47. f4 Ra2 48. Kf3 Raxb2 49. Qc5 R2b7 50. Qg5+ Kf8 51. f5 Ke8 52. f6 Kd7 53.
Qd5+ Ke8 54. a5 Kf8 55. Qg5 Ke8 56. a6 Rb6 57. a7 Rd8 58. Qg8+ Kd7 59. Qxd8+
Kxd8 60. a8=Q+ Kc7 61. Qa7+ 1-0

[Event "World Rapid 2025"]
[Site "Doha QAT"]
[Date "2025.12.26"]
[Round "3.66"]
[White "Aditya, Mittal"]
[Black "Paravyan, David"]
[Result "1/2-1/2"]
[WhiteTitle "GM"]
[BlackTitle "GM"]
[WhiteElo "2624"]
[BlackElo "2582"]
[WhiteFideId "35042025"]
[BlackFideId "4194985"]
[EventDate "2025.12.26"]
[EventType "rapid"]

1. e4 e5 2. Nf3 Nf6 3. Nc3 Nc6 4. Bb5 Nd4 5. Bc4 Bc5 6. Nxe5 Qe7 7. Nf3 d5 8.
Nxd5 Qxe4+ 9. Ne3 Bg4 10. Be2 Nxe2 11. Qxe2 O-O-O 12. d3 Qe7 13. Bd2 Rhe8 14.
O-O-O Qd7 15. Rhe1 Be6 16. Kb1 Qa4 17. b3 Qc6 18. Ne5 Qd6 19. Bc3 Nd5 20. Nxd5
Qxd5 21. d4 Bd6 22. f3 f6 23. Nc4 Bxh2 24. Qf2 Bf4 25. Re4 Bh6 26. Ne3 Qc6 27.
Kb2 Bxe3 28. Rxe3 Bf7 29. Rxe8 Qxe8 30. Qg3 Bg6 31. d5 b6 32. a4 Kb7 33. a5 Qb5
34. Qg4 bxa5 35. Qc4 a6 36. Qc6+ Qxc6 37. dxc6+ Kc8 38. Re1 Re8 39. Bxa5 Rxe1
40. Bxe1 Be8 41. Bb4 Kd8 42. Kc3 Bxc6 43. Kd4 h5 44. Ke3 Bb5 45. g3 Bd7 46. f4
Bf5 47. Kd2 Kd7 48. Bf8 g5 49. fxg5 fxg5 50. Bh6 h4 51. gxh4 gxh4 52. b4 Ke6 53.
Bf4 c6 54. c4 Bb1 55. Ke3 Ba2 56. Kd4 Kf5 57. Bb8 Kg4 58. Kc5 Kf3 59. b5 cxb5
60. cxb5 axb5 1/2-1/2

[Event "World Rapid 2025"]
[Site "Doha QAT"]
[Date "2025.12.26"]
[Round "3.67"]
[White "Quparadze, Giga"]
[Black "Pranav, Anand"]
[Result "1/2-1/2"]
[WhiteTitle "GM"]
[BlackTitle "GM"]
[WhiteElo "2502"]
[BlackElo "2591"]
[WhiteFideId "13602250"]
[BlackFideId "46626786"]
[EventDate "2025.12.26"]
[EventType "rapid"]

1. e4 c5 2. Nf3 d6 3. d4 cxd4 4. Nxd4 Nf6 5. Nc3 a6 6. Be3 e5 7. Nb3 Be7 8. Be2
Be6 9. O-O O-O 10. Bf3 Qc7 11. a4 Nbd7 12. a5 Rfc8 13. Re1 h6 14. h3 Bd8 15. Be2
Qc6 16. Bd3 Nf8 17. Nc1 Ng6 18. N1e2 Bc7 19. Ng3 Rd8 20. Nh5 Nxh5 21. Qxh5 b5
22. Red1 Ne7 23. Qh4 Re8 24. Qg3 Kh8 25. Bd2 Rad8 26. Na2 d5 27. Nb4 Qd6 28.
exd5 Nxd5 29. Nxd5 Bxd5 30. Bc3 Qe6 31. Qg4 Kg8 32. Bf5 Qc6 33. h4 Be6 34. h5
Bxf5 35. Qxf5 Bd6 36. Be1 Re6 37. Rd2 Rde8 38. Rad1 e4 39. Rd5 b4 40. c4 Rf6 41.
Qg4 Bc5 42. Qe2 e3 43. f3 Qc7 44. Bh4 Rfe6 45. Bd8 Qc6 46. b3 Bd6 47. Bh4 Qc7
48. R1d4 Bh2+ 49. Kh1 Bg3 50. Bxg3 Qxg3 51. Kg1 Qc7 52. f4 Re4 53. Rxe4 Rxe4 54.
g3 Qe7 55. Kg2 Qf6 56. Rd3 Qc6 57. Kg1 Qe6 58. Kg2 f5 59. Rd5 Kh7 60. Kf1 Qf6
61. Kg2 Re8 62. Kf3 Qc6 63. Kg2 Kh8 64. Kf1 Qf6 65. Rd3 Qa1+ 66. Kg2 Qc1 67. Kh2
Re4 68. Kg2 Kh7 69. Kh2 Re6 70. Kg2 Kg8 71. Rd8+ Kh7 72. g4 Qb1 73. Rd3 fxg4 74.
Rxe3 Rd6 75. Re8 Rd4 76. Qxg4 Rd2+ 77. Re2 Qe4+ 78. Kf2 Qd4+ 79. Kg2 Qe4+ 80.
Kf2 Qd4+ 81. Kg2 Qe4+ 82. Kf2 1/2-1/2

[Event "World Rapid 2025"]
[Site "Doha QAT"]
[Date "2025.12.26"]
[Round "3.68"]
[White "Begmuratov, Khumoyun"]
[Black "Yakubboev, Nodirbek"]
[Result "1-0"]
[WhiteTitle "IM"]
[BlackTitle "GM"]
[WhiteElo "2451"]
[BlackElo "2691"]
[WhiteFideId "14210207"]
[BlackFideId "14203987"]
[EventDate "2025.12.26"]
[EventType "rapid"]

1. e4 c5 2. c3 d5 3. exd5 Qxd5 4. d4 Nc6 5. Nf3 Bf5 6. Be2 cxd4 7. cxd4 Bxb1 8.
Rxb1 e6 9. O-O Qxa2 10. Ne5 Bd6 11. Nc4 Bxh2+ 12. Kxh2 Qxb1 13. Qb3 Rd8 14. Bg5
Qg6 15. Bxd8 Nxd8 16. Qb5+ Kf8 17. Ne5 Qh6+ 18. Kg1 g6 19. Qc5+ Kg7 20. Nd7 Nf6
21. Nxf6 Nc6 22. Bf3 Qf4 23. Bxc6 bxc6 24. Nd7 Rd8 25. Qxa7 h5 26. Ne5 Rxd4 27.
Nxf7 Kf6 28. Nh8 Kg5 29. Qg7 Qf6 30. Nf7+ Kf5 31. Nh6+ Kg5 32. f4+ Rxf4 33.
Qxf6+ Rxf6 34. Nf7+ 1-0

[Event "World Rapid 2025"]
[Site "Doha QAT"]
[Date "2025.12.26"]
[Round "3.69"]
[White "Makhnev, Denis"]
[Black "Tissir, Mohamed"]
[Result "1-0"]
[WhiteTitle "GM"]
[BlackTitle "IM"]
[WhiteElo "2532"]
[BlackElo "2293"]
[WhiteFideId "13707647"]
[BlackFideId "9000240"]
[EventDate "2025.12.26"]
[EventType "rapid"]

1. d4 Nf6 2. c4 g6 3. Nc3 Bg7 4. e4 O-O 5. Be2 c5 6. d5 d6 7. Nf3 e5 8. dxe6
Bxe6 9. Bf4 Qb6 10. Qb3 Rd8 11. Rd1 Nc6 12. O-O Qxb3 13. axb3 Na5 14. Nd2 Bg4
15. Rfe1 Bxe2 16. Rxe2 Ng4 17. Nd5 Ne5 18. Bg5 Rd7 19. Nf6+ Bxf6 20. Bxf6 Re8
21. f4 Nec6 22. g4 d5 23. cxd5 Nb4 24. Rf2 b6 25. g5 Nb7 26. Kg2 Nd6 27. Kf3 b5
28. Re2 Nd3 29. Nf1 c4 30. Ng3 Nb7 31. bxc4 bxc4 32. b3 Nbc5 33. bxc4 Rb7 34.
Bd4 a5 35. Re3 Nb2 36. Rc1 Rc8 37. e5 a4 38. Rc2 Ncd3 39. Bxb2 Nxb2 40. c5 Rb3
41. Rxb3 axb3 42. Rxb2 1-0

[Event "World Rapid 2025"]
[Site "Doha QAT"]
[Date "2025.12.26"]
[Round "3.70"]
[White "Sahidi, Samir"]
[Black "Chekh Adm Khedr, Aram"]
[Result "1-0"]
[WhiteTitle "IM"]
[BlackTitle "FM"]
[WhiteElo "2516"]
[BlackElo "2139"]
[WhiteFideId "14936372"]
[BlackFideId "7601948"]
[EventDate "2025.12.26"]
[EventType "rapid"]

1. d4 Nf6 2. c4 e6 3. Nf3 d5 4. Nc3 Be7 5. Bg5 O-O 6. e3 a6 7. cxd5 exd5 8. Bd3
c6 9. h3 Nbd7 10. Qc2 Re8 11. O-O Nf8 12. Rab1 a5 13. Na4 Ne4 14. Bxe7 Rxe7 15.
Bxe4 dxe4 16. Nd2 f5 17. Nc5 Ng6 18. Rfd1 Rf7 19. Nf1 b6 20. Na4 b5 21. Nc5 Raa7
22. Ng3 Qg5 23. d5 cxd5 24. Rxd5 Rac7 25. Ngxe4 Qe7 26. Nd6 Rf6 27. Nxb5 Rcc6
28. Rbd1 f4 29. exf4 Rxf4 30. Qb3 Kh8 31. Nd6 Qe2 32. R5d2 Qe7 33. Qb5 Rc7 34.
Re2 Qg5 35. Ne6 Qxb5 36. Nxb5 Bxe6 37. Nxc7 Bxa2 38. Re8+ Nf8 39. Ra1 Bc4 40.
Rxa5 Kg8 41. Ra4 1-0

[Event "World Rapid 2025"]
[Site "Doha QAT"]
[Date "2025.12.26"]
[Round "3.71"]
[White "Nainys, Zanas"]
[Black "Le, Tuan Minh"]
[Result "1/2-1/2"]
[BlackTitle "GM"]
[WhiteElo "2307"]
[BlackElo "2598"]
[WhiteFideId "12844098"]
[BlackFideId "12401153"]
[EventDate "2025.12.26"]
[EventType "rapid"]

1. d4 d5 2. c4 e6 3. Nc3 h6 4. Nf3 Nf6 5. e3 a6 6. Qc2 c5 7. cxd5 exd5 8. dxc5
Bxc5 9. Be2 O-O 10. O-O Qe7 11. a3 Nc6 12. Rd1 Rd8 13. b4 Ba7 14. Bb2 Bg4 15. h3
Bxf3 16. Bxf3 d4 17. Ne4 Nxe4 18. Qxe4 Qxe4 19. Bxe4 dxe3 20. fxe3 Bxe3+ 21. Kh1
h5 22. g3 Bh6 23. Bf3 Be3 24. Rab1 Rac8 25. Bxh5 Bd4 26. Bg4 Rb8 27. Bf3 Bxb2
28. Rxd8+ Rxd8 29. Rxb2 Rd3 30. Kg2 Ne5 31. Bxb7 Rxa3 32. b5 axb5 33. Rxb5 Ra2+
34. Kg1 Ra1+ 35. Kh2 Re1 36. Rb2 f5 37. Kg2 g6 38. Rd2 Kg7 39. Kf2 Rc1 40. Bg2
Rc3 41. Bd5 Kf6 42. Kg2 g5 43. Rf2 Nd3 44. Re2 Ne5 45. Rf2 Re3 46. Bb7 Nd3 47.
Rd2 f4 48. gxf4 gxf4 49. Ba6 f3+ 50. Kg3 f2+ 51. Kg2 Rg3+ 52. Kxg3 f1=Q 53. Bxd3
Qg1+ 54. Kf3 Ke5 55. Re2+ Kd4 56. Bf5 Qf1+ 57. Rf2 Qd1+ 58. Kg2 Ke3 59. Bg4 Qd5+
60. Rf3+ Ke4 61. Rf2 Qg5 62. Kg3 Qe3+ 63. Rf3 Qe1+ 64. Kg2 Qd2+ 65. Rf2 Qg5 66.
Rc2 Qg7 67. Re2+ Kf4 68. Rf2+ Ke4 69. Rf5 Qg6 70. Rf1 Qg7 71. Rf2 Ke3 72. Rf5
Ke4 73. Kg3 Qc7+ 74. Kg2 Qg7 75. Rf3 Qg5 76. Kg3 Qe5+ 77. Kh4 Qe7+ 78. Kh5 Qh7+
79. Kg5 Qg7+ 80. Kh4 Qe7+ 81. Kg3 Qe5+ 82. Kg2 Qg5 83. Rf2 1/2-1/2

[Event "World Rapid 2025"]
[Site "Doha QAT"]
[Date "2025.12.26"]
[Round "3.72"]
[White "Mamedov, Edgar"]
[Black "Jacobson, Brandon"]
[Result "1/2-1/2"]
[WhiteTitle "GM"]
[BlackTitle "GM"]
[WhiteElo "2492"]
[BlackElo "2583"]
[WhiteFideId "13739980"]
[BlackFideId "30901561"]
[EventDate "2025.12.26"]
[EventType "rapid"]

1. d4 Nf6 2. Nf3 g6 3. c4 Bg7 4. Nc3 d6 5. e4 O-O 6. Be2 e5 7. O-O Bg4 8. d5 b6
9. Ne1 Bd7 10. Nd3 a5 11. f4 exf4 12. Bxf4 Qe7 13. Bf3 Ne8 14. e5 dxe5 15. Re1
Nd6 16. Nxe5 Qd8 17. Ne4 Na6 18. Nxd6 cxd6 19. Nc6 Qf6 20. Qd2 Qxb2 21. Qxb2
Bxb2 22. Rab1 Ba3 23. Be3 Rfe8 24. Bxb6 Bf5 25. Rbd1 Bc2 26. Rxe8+ Rxe8 27. Rd2
Bf5 28. Re2 Rxe2 29. Bxe2 Bb1 30. Bxa5 Bxa2 31. g4 Nc5 32. Bc3 Ne4 33. Be1 Bb1
34. Kg2 Bc1 35. Bb4 Bf4 36. Nd4 Nd2 37. Nb5 Ne4 38. Bf3 Kf8 39. Bxe4 Bxe4+ 40.
Kf2 Ke7 41. c5 Bxd5 42. cxd6+ Kd7 43. h3 Be5 44. Bc3 Bh2 45. Bb4 h5 46. gxh5
gxh5 47. Nd4 Bf4 48. Ne2 Bg5 49. Kg3 h4+ 50. Kg4 Bd8 51. Nf4 Be4 52. Ba3 Kc6 53.
Bb4 Kd7 54. Bc5 Kc6 55. Bb4 Bc2 56. Ba3 Kd7 57. Bb4 Bd1+ 58. Kf5 Bc2+ 59. Kg4
Be4 60. Bc5 Kc6 61. Bb4 Bf6 62. Be1 Bc2 63. Bxh4 Bd1+ 64. Kg3 Be5 65. Be7 1/2-1/2

[Event "World Rapid 2025"]
[Site "Doha QAT"]
[Date "2025.12.26"]
[Round "3.73"]
[White "Harikrishnan, A. Ra"]
[Black "Lodici, Lorenzo"]
[Result "0-1"]
[WhiteTitle "GM"]
[BlackTitle "GM"]
[WhiteElo "2531"]
[BlackElo "2590"]
[WhiteFideId "5081483"]
[BlackFideId "884189"]
[EventDate "2025.12.26"]
[EventType "rapid"]

1. Nf3 d5 2. d4 Nf6 3. c3 a5 4. Bf4 Bf5 5. e3 e6 6. Bd3 Bd6 7. O-O O-O 8. Qe2
Nc6 9. Nbd2 Bxd3 10. Qxd3 Bxf4 11. exf4 Ne7 12. Ne5 Nf5 13. Rfe1 a4 14. Nf1 Nd6
15. Ne3 g6 16. g3 Qc8 17. h4 c5 18. dxc5 Qxc5 19. a3 Rad8 20. Nc2 Qb5 21. Qxb5
Nxb5 22. Rad1 Rc8 23. Nd4 Nd6 24. f3 Rfd8 25. Kf2 h5 26. Nc2 Nd7 27. Nxd7 Rxd7
28. Ne3 b5 29. Nc2 Nf5 30. Nd4 Nxd4 31. Rxd4 Rc4 32. Ke3 f6 33. Kd3 Kf7 34. g4
Ke7 35. gxh5 gxh5 36. Rg1 Kf7 37. Ke3 Rxd4 38. Kxd4 Rc7 39. Ke3 Rc4 40. Rd1 Kg6
41. Rg1+ Kf5 42. Rg8 Rxf4 43. Rb8 Rxh4 44. Rxb5 Ke5 45. Rb8 f5 46. Rh8 f4+ 47.
Kd3 Rh3 48. Ke2 Rh2+ 49. Kd3 Kd6 50. Ra8 Rf2 51. Rxa4 Rxf3+ 52. Ke2 Re3+ 53. Kf2
e5 54. Rb4 e4 55. a4 Rh3 56. a5 e3+ 57. Kg2 Rg3+ 58. Kf1 f3 59. a6 e2+ 60. Kf2
Rg1 61. Rb6+ Ke5 0-1